Tribhuvan University Central Library

The Working of mineral deposits. (Record no. 77859)

MARC details
000 -LEADER
fixed length control field 00236nam a22000977a 4500
008 - FIXED-LENGTH DATA ELEMENTS--GENERAL INFORMATION
fixed length control field 160405b xxu||||| |||| 00| 0 eng d
082 ## - DEWEY DECIMAL CLASSIFICATION NUMBER
Classification number 622.2
Item number P814w
100 ## - MAIN ENTRY--PERSONAL NAME
Personal name Popov, G
245 ## - TITLE STATEMENT
Title The Working of mineral deposits.
942 ## - ADDED ENTRY ELEMENTS (KOHA)
Source of classification or shelving scheme Dewey Decimal Classification
Koha item type General Collections
Holdings
Withdrawn status Lost status Source of classification or shelving scheme Damaged status Not for loan Home library Current library Date acquired Total Checkouts Full call number Barcode Date last seen Date last checked out Price effective from Koha item type
    Dewey Decimal Classification     Tribhuvan University Central Library Tribhuvan University Central Library 04/05/2016 1 622.2 P814w G10739 05/31/2016 04/05/2016 04/05/2016 General Collections